| 000 | 00649nam a22001817a 4500 | ||
|---|---|---|---|
| 005 | 20170629155532.0 | ||
| 010 | _aENG-119064 | ||
| 020 |
_c499.00 _a9789351950271 |
||
| 035 | _aEN-102596 | ||
| 037 | _bDBAD/PUB | ||
| 082 | _a658 | ||
| 100 | _aBhanver, Jagmohan | ||
| 245 |
_aClock! : _cby Jagmohan Bhanver [and] Komal Bhanver _bthe amazing story of india's e-commerce boom and where it's headed / |
||
| 260 |
_aGurugram _bHachette Book Publishing India Pvt. Ltd. _c2017 |
||
| 270 |
_bGurugram _e122003 _a4th & 5th floors, Corporate Centre, Plot No. 94, Sector 44 |
||
| 300 |
_avii,310p. _c22cm(Hb) |
||
| 942 |
_2ddc _cEN _mBHA _h658 |
||
| 999 |
_c142184 _d142184 |
||